000 00548nam a22001937a 4500
999 _c6223
_d6223
003 OSt
005 20190815120722.0
008 190815b ||||| |||| 00| 0 eng d
020 _a0851989845
040 _cDDC
082 _a635SOY 1996.
100 _aEdited by Verma,D.P.S;Shoemaker,R.C;
_912812
245 _aSoybean:Genetic,Molecular Biology and Biotechnology;
260 _aUSA,
_bCAB international;
_c1996.
300 _ax,270p;
_bill,
_c25cm.
504 _aincludes References and index.
650 _aBiology.
_95602
942 _2ddc
_cO_SHELF